[Event "Let's have a tango"]
[Site "SchemingMind.com"]
[Date "2009.06.15"]
[Round "-"]
[White "andu"]
[Black "Mitchell-in"]
[Result "1/2-1/2"]
[WhiteCountry "AUT"]
[BlackCountry "ENG"]
[WhiteElo "1957"]
[WhiteRD "51"]
[BlackElo "1757"]
[BlackRD "64"]
[GameID "208811"]

1. d4 Nf6 2. c4 Nc6 3. Nf3 e6 4. Nc3 Bb4 5. Qc2 d6 6. a3 Bxc3+ 7. Qxc3 O-O 8. e3 a5 9. Be2 Re8 10. O-O e5
11. d5 Ne7 12. Bd2 a4 13. Qc1 c6 14. dxc6 bxc6 15. h3 Ng6 16. Qc2 Be6 17. Ng5 Bd7 18. Rfd1 Qe7 19. Bc3 d5 20. cxd5 cxd5
21. Bb4 Qd8 22. f3 h6 23. Nxf7 Kxf7 24. Bd3 e4 25. Be2 Rc8 26. Qd2 Be6 27. Ba5 Qd7 28. Bc3 Ne7 29. Rac1 Qb7 30. Bxf6 gxf6
31. fxe4 dxe4 32. Bh5+ Ng6 33. Rf1 Rxc1 34. Qxc1 Qd5 35. Qc7+ Bd7 36. Rd1 Qxh5 37. Rxd7+ Ne7 38. Qc4+ Kg7 39. Qxe4 Qe5 40. Qxe5 fxe5
41. Ra7 Kf6 42. Ra6+ Kg5 43. Rxa4 Nf5 44. Kf2 Rc8 45. Kf3 Rc2 46. Rb4 Nh4+ 47. Ke4 Rxg2 48. a4 Rc2= 49. a5 Rc5 50. a6 Ra5
51. Rb6 Ng6 52. b4 Ra4 53. Kd5 Ne7+ 54. Kxe5 Nc8 55. Rc6 Na7 56. Rb6 Nc8 57. Rc6 Na7 58. Rb6 Nc8 59. Rc6 Na7=
1/2-1/2

[Event "Let's have a tango"]
[Site "SchemingMind.com"]
[Date "2009.06.15"]
[Round "-"]
[White "Mitchell-in"]
[Black "andu"]
[Result "1/2-1/2"]
[WhiteCountry "ENG"]
[BlackCountry "AUT"]
[WhiteElo "1768"]
[WhiteRD "63"]
[BlackElo "1835"]
[BlackRD "49"]
[GameID "208812"]

1. d4 Nf6 2. c4 Nc6 3. Nf3 e6 4. a3 d5 5. Nc3 dxc4 6. e4 Be7 7. Bxc4 O-O 8. O-O a6 9. b4 b5 10. Be2 Bb7
11. Bf4 h6 12. Qd3 Nh5 13. Be3 Nf6 14. Rac1 a5 15. Nxb5 axb4 16. axb4 Nxb4 17. Qc4 Ra2 18. Bd2 Rb2 19. Bc3 Bd5 20. exd5 exd5
21. Qxc7 Rxe2 22. Bxb4 Bxb4 23. Rb1 Qxc7 24. Nxc7 Rc8 25. Rxb4 Rxc7 26. Rb8+ Kh7 27. Rd8=
1/2-1/2

[Event "Let's have a tango"]
[Site "SchemingMind.com"]
[Date "2009.06.18"]
[Round "-"]
[White "lumamo"]
[Black "Mitchell-in"]
[Result "0-1"]
[WhiteCountry "ESP"]
[BlackCountry "ENG"]
[WhiteElo "1433"]
[WhiteRD "137"]
[BlackElo "1768"]
[BlackRD "63"]
[GameID "209119"]

1. d4 Nf6 2. c4 Nc6 3. e4 Nxe4 4. Bd3 d5 5. f4 Nxd4 6. Bxe4 dxe4 7. Nc3 Bg4 8. Qd2 e3 9. Qd3 Bf5 10. Ne4 Nf3+
11. Ke2 Qxd3+ 12. Kxd3 O-O-O+ 13. Kxe3 Nxg1 14. Rxg1 e6 15. b3 Bxe4 16. Kxe4 Bc5 17. Be3 Bxe3 18. Kxe3 Rd7 19. Rgd1 Rhd8 20. Rxd7 Rxd7
21. h4 Kd8 22. g4 Ke7 23. Ke4 Rd2 24. f5 exf5+ 25. Kxf5 Rf2+ 26. Ke4 Rh2 27. h5 g6 28. hxg6 hxg6 29. a4 Rb2 30. Ra3 a5
31. Kd3 Rg2 32. Ra1 Rxg4 33. Re1+ Kd7 34. Re5 b6 35. Rd5+ Kc6 36. Rd8 Rg3+ 37. Kc2 f5 38. Rd5 f4 39. Rd3 Rxd3 40. Kxd3 Kc5
41. Kc3 f3
0-1

[Event "Let's have a tango"]
[Site "SchemingMind.com"]
[Date "2009.06.18"]
[Round "-"]
[White "lumamo"]
[Black "andu"]
[Result "1-0"]
[WhiteCountry "ESP"]
[BlackCountry "AUT"]
[WhiteElo "1495"]
[WhiteRD "200"]
[BlackElo "1669"]
[BlackRD "64"]
[GameID "209120"]

1. d4 Nf6 2. c4 Nc6 3. e4 Nxe4 4. Bd3 d5 5. f4 Nxd4 6. Nc3 Nxc3 7. bxc3 Nc6 8. Be2 dxc4 9. Qa4 Be6 10. Nf3 Bd5
11. O-O e6 12. Nd4 Bc5 13. Be3 O-O 14. Bxc4 Nxd4 15. cxd4 Bc6 16. Qd1 Bb6 17. a4 a5 18. Bb5 Be4 19. Rc1 c6 20. Be2 Qd5
21. Bf3 Bxf3 22. Rxf3 Rad8 23. Rc2 Qb3 24. Rd2 Qxd1+ 25. Rxd1 Rd7 26. Rf2 Rfd8 27. Rfd2 Ba7 28. Kf1 h6 29. Ke2 f6 30. h4 Kf7
31. g3 Kg6 32. g4 f5 33. g5 Kh5 34. Bf2 Kg4 35. Ke3 Rh8 36. Rg1+ Kh5 37. gxh6 gxh6 38. Rb1 c5 39. Rdb2 cxd4+ 40. Kf3 Rb8
41. Rb5 Rc7 42. Rxa5 Rc3+ 43. Kg2 Rg8+ 44. Kf1 Kg4 45. Rxa7 Kf3 46. Bxd4 Rc2 47. Raxb7 Rh2 48. R1b3+ Kxf4 49. Bg7 Kg4 50. Ra3 Rc2
51. Ra1 Kg3 52. Ra3+ Kxh4 53. Bxh6 Rgg2 54. a5 Rh2 55. Rg7 Rc1+ 56. Bxc1
1-0

[Event "Let's have a tango"]
[Site "SchemingMind.com"]
[Date "2009.06.18"]
[Round "-"]
[White "Mitchell-in"]
[Black "lumamo"]
[Result "1-0"]
[WhiteCountry "ENG"]
[BlackCountry "ESP"]
[WhiteElo "1749"]
[WhiteRD "61"]
[BlackElo "1495"]
[BlackRD "200"]
[GameID "209121"]

1. d4 Nf6 2. c4 Nc6 3. Nf3 d5 4. Nc3 dxc4 5. e4 Bg4 6. Be3 Bxf3 7. gxf3 e6 8. Bxc4 Bb4 9. Rg1 Bxc3+ 10. bxc3 O-O
11. Bh6 Re8 12. Bxg7 Nh5 13. Bf6+ Kf8 14. Bxd8 Raxd8 15. Rg5 Nf4 16. Qd2 Ng6 17. Rh5 Kg8 18. Qh6 Nf8 19. Ke2 Ne7 20. Rg1+ Neg6
21. Bd3 e5 22. d5 c6 23. dxc6 b6 24. h4 Rd6 25. c7 Rc8 26. Rxe5 Rxc7 27. h5 Kh8 28. hxg6 Nxg6 29. Re8+ Nf8 30. Qg7#
1-0

[Event "Let's have a tango"]
[Site "SchemingMind.com"]
[Date "2009.06.18"]
[Round "-"]
[White "andu"]
[Black "lumamo"]
[Result "1/2-1/2"]
[WhiteCountry "AUT"]
[BlackCountry "ESP"]
[WhiteElo "1669"]
[WhiteRD "64"]
[BlackElo "1495"]
[BlackRD "200"]
[GameID "209122"]

1. d4 Nf6 2. c4 Nc6 3. Nf3 d5 4. e3 Bg4 5. h3 Bxf3 6. Qxf3 e6 7. Nc3 Bb4 8. Bd2 Ne4 9. Nxe4 dxe4 10. Qxe4 Bxd2+
11. Kxd2 O-O 12. Rd1 Qd6 13. c5 Qd7 14. Bd3 f5 15. Qh4 Nb4 16. Bc4 b5 17. Bb3 a5 18. g4 a4 19. Bc2 Nxa2 20. Rhg1 Nb4
21. Bb1 Na6 22. gxf5 exf5 23. Qh6 Nxc5 24. Qf4 Nb3+ 25. Kd3 c5 26. Kc3 c4 27. Rg5 g6 28. Rdg1 b4+ 29. Kxc4 Rfc8+ 30. Kd3 Nc5+
31. Ke2 Ne6 32. Rxg6+ hxg6 33. Rxg6+ Kf8 34. Qxf5+ Qf7 35. Rf6 Nd8 36. Be4 a3 37. Bd5 Rc7 38. Bxf7 Nxf7 39. Rxf7+ Rxf7 40. Qc5+ Kg8
41. Qg5+ Kh8 42. Qh6+ Kg8 43. bxa3 bxa3 44. Qg6+ Kf8 45. Qh6+= Ke7 46. Qg5+ Kf8 47. Qh6+ Kg8 48. Qg6+ Kf8 49. Qh6+ Kg8 50. Qg6+ Kf8
51. Qh6+ Kg8 52. Qg6+ Kf8 53. Qh6+ Kg8 54. Qg6+ Kf8
1/2-1/2

[Event "Let's have a tango"]
[Site "SchemingMind.com"]
[Date "2009.06.18"]
[Round "-"]
[White "sansubari"]
[Black "Mitchell-in"]
[Result "0-1"]
[WhiteCountry "MAS"]
[BlackCountry "ENG"]
[WhiteElo "1507"]
[WhiteRD "78"]
[BlackElo "1810"]
[BlackRD "64"]
[GameID "209131"]

1. d4 Nf6 2. c4 Nc6 3. d5 Ne5 4. Qa4 e6 5. dxe6 fxe6 6. Bf4 Ng6 7. Bg5 Be7 8. Nd2 O-O 9. e3 d5 10. cxd5 exd5
11. h3 Bd7 12. Qb3 Bc6 13. Bd3 Ne5 14. Bb1 Nf7 15. Bh4 Kh8 16. Ngf3 Ne4 17. Bxe7 Qxe7 18. Nxe4 dxe4 19. Nd4 Qf6 20. Nxc6 Qxc6
21. Bc2 Ne5 22. Rd1 Qg6 23. g3 Nf3+ 24. Kf1 Ne5 25. Qd5 Qxg3 26. Rd2 Qxe3 27. Bxe4 Qf4 28. Rg1 c6 29. Qd4 c5 30. Qd5 Nc6
31. f3 Rad8 32. Qh5 g6 33. Bxg6 Qxf3+ 34. Qxf3 Rxf3+ 35. Rf2 Rxf2+ 36. Kxf2 hxg6 37. Rxg6 Rd2+ 38. Ke3 Rxb2 39. h4 Rxa2 40. h5 Rh2
41. h6 Kh7 42. Rd6 Rxh6 43. Rd7+ Kg6 44. Rxb7 Kf5 45. Rf7+ Ke6 46. Rf4 Rh3+ 47. Kd2 a5 48. Rc4 Kd5 49. Rc1 c4 50. Rb1 Nb4
51. Rc1 Rh2+ 52. Ke3 Rh3+ 53. Kd2 Kd4 54. Ke2 c3 55. Rd1+ Nd3 56. Ra1 c2 57. Kd2 c1=Q+ 58. Rxc1 Nxc1 59. Kxc1 Rh2 60. Kb1 Kc3
61. Ka1 Kb3 62. Kb1 Rh1#
0-1

[Event "Let's have a tango"]
[Site "SchemingMind.com"]
[Date "2009.06.18"]
[Round "-"]
[White "sansubari"]
[Black "andu"]
[Result "0-1"]
[WhiteCountry "MAS"]
[BlackCountry "AUT"]
[WhiteElo "1497"]
[WhiteRD "70"]
[BlackElo "1835"]
[BlackRD "49"]
[GameID "209132"]

1. d4 Nf6 2. c4 Nc6 3. d5 Ne5 4. e3 e6 5. dxe6 fxe6 6. b3 Bb4+ 7. Bd2 Bxd2+ 8. Nxd2 d5 9. Ndf3 O-O 10. Nxe5 Qd6
11. Ngf3 Ne4 12. Bd3 Nxf2 13. Kxf2 Qxe5 14. cxd5 exd5 15. Ke2 Bg4 16. h3 Qg3 17. Qf1 Bxf3+ 18. gxf3 Rae8 19. Rg1 Qe5 20. Qc1 Qh2+
21. Kd1 Qxg1+ 22. Kc2 Qxe3 23. Qxe3 Rxe3 24. Rf1 Rfxf3 25. Rxf3 Rxf3 26. a4 Rxh3 27. Kc3 Rh4 28. b4 c6 29. a5 g5 30. b5 cxb5
31. Bxb5 b6 32. axb6 axb6 33. Bc6 Rc4+
0-1

[Event "Let's have a tango"]
[Site "SchemingMind.com"]
[Date "2009.06.18"]
[Round "-"]
[White "sansubari"]
[Black "lumamo"]
[Result "0-1"]
[WhiteCountry "MAS"]
[BlackCountry "ESP"]
[WhiteElo "1502"]
[WhiteRD "74"]
[BlackElo "1583"]
[BlackRD "96"]
[GameID "209133"]

1. d4 Nf6 2. c4 Nc6 3. d5 Ne5 4. e3 d6 5. b3 c5 6. Bb2 Bf5 7. Bxe5 dxe5 8. h3 e6 9. dxe6 Qxd1+ 10. Kxd1 Bxe6
11. Nc3 g6 12. f3 Nh5 13. Nge2 Bg7 14. Ne4 b6 15. g4 Nf6 16. N2g3 Nxe4 17. Nxe4 Bh6 18. g5 Rd8+ 19. Ke2 Bg7 20. Rd1 Rxd1
21. Kxd1 h6 22. Bd3 Ke7 23. a4 Rd8 24. Kc2 a5 25. h4 Bf5 26. Nf2 f6 27. e4 Be6 28. gxf6+ Bxf6 29. Ng4 Bg7 30. h5 Bxg4
31. fxg4 gxh5 32. Rxh5 Rd6 33. g5 Rg6 34. gxh6 Rxh6 35. Rxh6 Bxh6 36. Be2 Be3 37. Bg4 Kf6 38. Kd3 Kg5 39. Kxe3 Kxg4 40. Kd2 Kf4
41. Kd3 Kf3 42. Kd2 Kxe4 43. Ke2 Kd4 44. Kd2 e4 45. Ke2 Kc3 46. Ke3 Kxb3 47. Kxe4 Kxc4 48. Ke3 Kb4
0-1

[Event "Let's have a tango"]
[Site "SchemingMind.com"]
[Date "2009.06.19"]
[Round "-"]
[White "Mitchell-in"]
[Black "sansubari"]
[Result "1-0"]
[WhiteCountry "ENG"]
[BlackCountry "MAS"]
[WhiteElo "1768"]
[WhiteRD "63"]
[BlackElo "1497"]
[BlackRD "70"]
[GameID "209134"]

1. d4 Nf6 2. c4 Nc6 3. Nf3 d5 4. Nc3 dxc4 5. e4 Bg4 6. Be3 h6 7. Bxc4 e6 8. h3 Bh5 9. e5 Nh7 10. O-O Qe7
11. d5 Nxe5 12. Qa4+ c6 13. Nxe5 b5 14. Bxb5 cxb5 15. Qxb5+
1-0

[Event "Let's have a tango"]
[Site "SchemingMind.com"]
[Date "2009.06.18"]
[Round "-"]
[White "andu"]
[Black "sansubari"]
[Result "1-0"]
[WhiteCountry "AUT"]
[BlackCountry "MAS"]
[WhiteElo "1835"]
[WhiteRD "49"]
[BlackElo "1497"]
[BlackRD "70"]
[GameID "209135"]

1. d4 Nf6 2. c4 Nc6 3. Nf3 d5 4. e3 Bg4 5. Be2 e6 6. Nc3 Bb4 7. Bd2 Bxc3 8. Bxc3 Ne4 9. O-O Nxc3 10. bxc3 dxc4
11. Bxc4 O-O 12. h3 Bh5 13. g4 Bg6 14. Qe2 Be4 15. Nd2 Bg6 16. Nb3 a6 17. Nc5 b5 18. Bb3 Na5 19. f4 h6 20. e4 c6
21. f5 exf5 22. gxf5 Bh7 23. f6 g6 24. e5 Nxb3 25. Nxb3 Qb6 26. Nc5 Rad8 27. Rfb1 Rfe8 28. h4 a5 29. Qe3
1-0

[Event "Let's have a tango"]
[Site "SchemingMind.com"]
[Date "2009.06.18"]
[Round "-"]
[White "lumamo"]
[Black "sansubari"]
[Result "1-0"]
[WhiteCountry "ESP"]
[BlackCountry "MAS"]
[WhiteElo "1583"]
[WhiteRD "96"]
[BlackElo "1502"]
[BlackRD "74"]
[GameID "209136"]

1. d4 Nf6 2. c4 Nc6 3. Nf3 d5 4. c5 Bf5 5. Nc3 g6 6. Qb3 b6 7. Bg5 h6 8. Bxf6 exf6 9. Nxd5 Be6 10. e4 Bg7
11. Bb5 Qd7 12. O-O a6 13. Bxc6 Qxc6 14. cxb6 cxb6 15. Rac1 Qb7 16. Nc7+ Kd7 17. Nxe6 fxe6 18. e5 f5 19. Rcd1 Rhd8 20. Nh4 g5
21. Ng6 b5 22. d5 exd5 23. Rxd5+ Kc8 24. Rxd8+ Kxd8 25. Qg8+ Kc7 26. Qxg7+ Kb6 27. Qxh6 g4 28. Ne7+ Ka5 29. Nxf5 Qd5 30. b4+ Ka4
31. Ne3 Qxe5 32. Nxg4 Qe4 33. h3 Qxb4 34. Qf6 a5 35. Qc6 Rg8 36. Qc2+ Ka3 37. Rb1 Qc4 38. Rb3+ Ka4 39. Rc3+ Kb4 40. Rxc4+ bxc4
41. Ne5 Rc8 42. f4 a4 43. Nd3+ Kb5 44. Qb2+ Kc6 45. Qf6+ Kb7 46. Qe7+ Kb8 47. Nc5 c3 48. Qb7#
1-0

[Event "Let's have a tango"]
[Site "SchemingMind.com"]
[Date "2009.06.19"]
[Round "-"]
[White "art"]
[Black "sansubari"]
[Result "1-0"]
[WhiteCountry "MEX"]
[BlackCountry "MAS"]
[WhiteElo "1855"]
[WhiteRD "179"]
[BlackElo "1497"]
[BlackRD "70"]
[GameID "209166"]

1. d4 Nf6 2. c4 Nc6 3. Nc3 d5 4. cxd5 Nxd5 5. e4 Nf6 6. d5 Ne5 7. f4 Ng6 8. Nf3 Bg4 9. Be2 c6 10. dxc6 bxc6
11. O-O e6 12. h3 Bxf3 13. Bxf3 Rb8 14. f5 Ne5 15. fxe6 fxe6 16. Be2 Bb4 17. Bf4 Nfd7 18. a3 Bxc3 19. bxc3 Qb6+ 20. Qd4 Qa5
21. Qd6 Qxc3 22. Rac1 Qb3 23. Rfd1 Rd8 24. Bh5+ g6 25. Bxe5 Nxe5 26. Qxd8+
1-0

[Event "Let's have a tango"]
[Site "SchemingMind.com"]
[Date "2009.06.18"]
[Round "-"]
[White "art"]
[Black "Mitchell-in"]
[Result "0-1"]
[WhiteCountry "MEX"]
[BlackCountry "ENG"]
[WhiteElo "1390"]
[WhiteRD "111"]
[BlackElo "1786"]
[BlackRD "63"]
[GameID "209167"]

1. d4 Nf6 2. c4 Nc6 3. Nc3 e5 4. dxe5 Nxe5 5. Nf3 Nxc4 6. e4 Nb6 7. e5 Qe7 8. Be2 Ng4 9. O-O d6 10. exd6 Qxd6
11. Qc2 Be7 12. Nb5 Qc6
0-1

[Event "Let's have a tango"]
[Site "SchemingMind.com"]
[Date "2009.06.18"]
[Round "-"]
[White "art"]
[Black "andu"]
[Result "1-0"]
[WhiteCountry "MEX"]
[BlackCountry "AUT"]
[WhiteElo "1855"]
[WhiteRD "179"]
[BlackElo "1835"]
[BlackRD "49"]
[GameID "209168"]

1. d4 Nf6 2. c4 Nc6 3. Nc3 e5 4. dxe5 Nxe5 5. e4 Bb4 6. Bg5 O-O 7. f4 Nxe4 8. Bxd8 Nf2 9. Kxf2 Rxd8 10. fxe5 Bc5+
11. Ke1 Re8 12. Nf3 d6 13. Qd3 c6 14. a3 dxe5 15. Kd1 Bg4 16. Kc2 Rad8 17. Qe4 f5 18. Qe1 e4 19. Ng5 e3 20. Qh4 h6
21. Nf3 Bxf3 22. gxf3 Rd4 23. Qe1 Rd2+ 24. Kb3 Kh7 25. Rd1 Rd6 26. Rxd6 Bxd6 27. Bd3 g6 28. Qh4
1-0

[Event "Let's have a tango"]
[Site "SchemingMind.com"]
[Date "2009.06.18"]
[Round "-"]
[White "art"]
[Black "lumamo"]
[Result "0-1"]
[WhiteCountry "MEX"]
[BlackCountry "ESP"]
[WhiteElo "1390"]
[WhiteRD "111"]
[BlackElo "1430"]
[BlackRD "120"]
[GameID "209169"]

1. d4 Nf6 2. c4 Nc6 3. Nc3 d5 4. cxd5 Nxd5 5. e4 Nxc3 6. bxc3 g6 7. Bb5 Bd7 8. Nf3 Bg7 9. O-O a6 10. Bd3 e5
11. d5 Na7 12. Ba3 Nb5 13. Qb3 Nxa3 14. Qxa3 Bg4 15. Nd2 Qd6 16. Qb2 O-O 17. Nc4 Qd8 18. Qxb7 Bd7 19. d6 cxd6 20. Nb6 Bc8
21. Qxa8 Qxb6 22. Rfb1 Qa5 23. Qc6 Qd8 24. Bxa6 f5
0-1

[Event "Let's have a tango"]
[Site "SchemingMind.com"]
[Date "2009.06.19"]
[Round "-"]
[White "sansubari"]
[Black "art"]
[Result "1-0"]
[WhiteCountry "MAS"]
[BlackCountry "MEX"]
[WhiteElo "1518"]
[WhiteRD "76"]
[BlackElo "1390"]
[BlackRD "111"]
[GameID "209170"]

1. d4 Nf6 2. c4 Nc6 3. d5 Ne5 4. b3 d6 5. Bb2 Ng6 6. Bxf6 exf6 7. g3 Be7 8. Nc3 f5 9. Bh3 f4 10. Qc2 O-O
11. Bxc8 Qxc8 12. a4 Bf6 13. Rd1 Bxc3+ 14. Qxc3 Qf5 15. Nf3 Rae8 16. Rd3 Ne5 17. Nxe5 Rxe5 18. O-O fxg3 19. fxg3 Qh3 20. Qc2 Rfe8
21. Rf2 Qg4 22. Rdf3 f6 23. Rf4 Qg5 24. Rh4 h6 25. e4 Qe3 26. Rf4 Rxe4 27. Rxe4
1-0

[Event "Let's have a tango"]
[Site "SchemingMind.com"]
[Date "2009.06.19"]
[Round "-"]
[White "Mitchell-in"]
[Black "art"]
[Result "1-0"]
[WhiteCountry "ENG"]
[BlackCountry "MEX"]
[WhiteElo "1786"]
[WhiteRD "63"]
[BlackElo "1390"]
[BlackRD "111"]
[GameID "209171"]

1. d4 Nf6 2. c4 Nc6 3. Nf3 e6 4. a3 d5 5. Nc3 Be7 6. Bg5 Ne4 7. Bxe7 Qxe7 8. e3 Nxc3 9. bxc3 O-O 10. Bd3 Rd8
11. O-O dxc4 12. Bxc4 e5 13. Qc2 Be6 14. Bxe6 Qxe6 15. Rab1 b6 16. Rfd1 exd4 17. cxd4 Rac8 18. Rbc1
1-0

[Event "Let's have a tango"]
[Site "SchemingMind.com"]
[Date "2009.06.18"]
[Round "-"]
[White "andu"]
[Black "art"]
[Result "1-0"]
[WhiteCountry "AUT"]
[BlackCountry "MEX"]
[WhiteElo "1892"]
[WhiteRD "50"]
[BlackElo "1390"]
[BlackRD "111"]
[GameID "209172"]

1. d4 Nf6 2. c4 Nc6 3. e3 e6 4. Nc3 Bb4 5. Bd2 Bxc3 6. Bxc3 d5 7. c5 O-O 8. Nf3 Re8 9. Bd3 a6 10. O-O Qe7
11. Rc1 Nd7 12. Qc2 Nf6 13. a3 a5 14. b4 axb4 15. axb4 b6 16. b5 Nd8 17. cxb6 cxb6 18. Ra1 Qb7 19. Rxa8 Qxa8 20. Ra1 Qb8
21. Ng5 g6 22. Qd1 Nh5 23. Nxh7 Nb7 24. Ng5 Nd6 25. Qf3 Qc7 26. Bb4 Nc4 27. g4 e5 28. gxh5 e4 29. Qf6 Re6 30. Nxe6
1-0

[Event "Let's have a tango"]
[Site "SchemingMind.com"]
[Date "2009.06.18"]
[Round "-"]
[White "lumamo"]
[Black "art"]
[Result "0-1"]
[WhiteCountry "ESP"]
[BlackCountry "MEX"]
[WhiteElo "1433"]
[WhiteRD "137"]
[BlackElo "1855"]
[BlackRD "179"]
[GameID "209173"]

1. d4 Nf6 2. c4 Nc6 3. d5 Ne5 4. e3 d6 5. f4 Ned7 6. Bd3 e5 7. fxe5 Nxe5 8. Nf3 Bg4 9. Be2 Qd7 10. O-O h5
11. h3 Bxf3 12. Bxf3 O-O-O 13. b3 g5 14. e4 g4 15. hxg4 hxg4 16. Be2 Bh6 17. Rxf6 Bxc1 18. Qxc1 g3 19. Qc3 Qe7 20. Rf5 Rh1+
21. Kxh1 Qh4+ 22. Kg1 Qh2+ 23. Kf1 Qh1#
0-1

[Event "Let's have a tango"]
[Site "SchemingMind.com"]
[Date "2009.06.20"]
[Round "-"]
[White "lemmie"]
[Black "sansubari"]
[Result "1-0"]
[WhiteCountry "NED"]
[BlackCountry "MAS"]
[WhiteElo "1577"]
[WhiteRD "50"]
[BlackElo "1497"]
[BlackRD "70"]
[GameID "209287"]

1. d4 Nf6 2. c4 Nc6 3. Nf3 d5 4. cxd5 Qxd5 5. Nc3 Qd8 6. e4 Bg4 7. Be2 e6 8. Be3 Bb4 9. e5 Nd5 10. Rc1 Nxe3
11. fxe3 a6 12. O-O h6 13. a3 Be7 14. h3 Bh5 15. Ne4 Qd5 16. Nc3 Qd8 17. Kh1 b5 18. b4 O-O 19. Nh2 Bxe2 20. Nxe2 Na7
21. Nf4 Bg5 22. Nf3 Rc8 23. Qd3 c6 24. g3 Bxf4 25. gxf4 Qd5 26. Rc5 Qd7 27. Rg1 g6 28. Nh4 Qe7 29. Nxg6 fxg6 30. Qxg6+ Kh8
31. Qxh6+ Qh7 32. Qxe6 Qe4+ 33. Kh2 Rce8 34. Qh6+ Qh7 35. Qg5 Re7 36. d5 cxd5 37. Rxd5 Nc6 38. Rd6 Nb8 39. Rh6
1-0

[Event "Let's have a tango"]
[Site "SchemingMind.com"]
[Date "2009.06.19"]
[Round "-"]
[White "lemmie"]
[Black "Mitchell-in"]
[Result "0-1"]
[WhiteCountry "NED"]
[BlackCountry "ENG"]
[WhiteElo "1596"]
[WhiteRD "50"]
[BlackElo "1786"]
[BlackRD "63"]
[GameID "209288"]

1. d4 Nf6 2. c4 Nc6 3. Nf3 e6 4. Nc3 Bb4 5. Qc2 d5 6. e3 Ne4 7. Bd2 Nxd2 8. Nxd2 O-O 9. a3 Be7 10. cxd5 exd5
11. Bd3 g6 12. Nf3 Bf6 13. h4 Re8 14. h5 Nxd4 15. Nxd4 Bxd4 16. O-O-O Bxc3 17. bxc3 Qd6 18. hxg6 Qxa3+ 19. Kd2 hxg6= 20. Bxg6 Re6
21. Bxf7+ Kxf7 22. Qf5+ Ke8 23. Rh8+ Kd7 24. Rh7+ Kc6 25. Ke2 Qa2+ 26. Kf1 Qc4+ 27. Kg1 Qe4 28. Qf7 Qe5 29. Rh5 Qf6 30. Qh7 Qg6
31. Qh8 Rd6 32. Rh4 Bg4 33. Qxa8 Bxd1 34. Qxa7 Be2 35. Qa4+ Bb5 36. Qb4 Qd3 37. Kh2 Qf5 38. f4 Qd3 39. Rh3 Re6 40. Qa3 Qe2
41. c4 Bxc4 42. Qa4+ Bb5 43. Qb3 Qc4 44. Qd1 Qe2 45. Qc1+ Bc4 46. Qc3 Rg6 47. Rg3 Qh5+ 48. Rh3 Qg4 49. Qc2 Kd7 50. Rh7+ Rg7
51. Rh3 Bf1 52. Qa4+ c6 53. Qc2 Qxg2+ 54. Qxg2 Rxg2+ 55. Kh1 Rg7
0-1

[Event "Let's have a tango"]
[Site "SchemingMind.com"]
[Date "2009.06.19"]
[Round "-"]
[White "lemmie"]
[Black "andu"]
[Result "1/2-1/2"]
[WhiteCountry "NED"]
[BlackCountry "AUT"]
[WhiteElo "1673"]
[WhiteRD "53"]
[BlackElo "1669"]
[BlackRD "64"]
[GameID "209289"]

1. d4 Nf6 2. c4 Nc6 3. Nf3 e6 4. Nc3 Bb4 5. Qc2 d6 6. Bd2 O-O 7. a3 Bxc3 8. Bxc3 Re8 9. e3 e5 10. Be2 e4
11. Nd2 Bg4 12. d5 Ne5 13. Bxe5 Rxe5 14. Bxg4 Nxg4 15. Nxe4 f5 16. Nc3 f4 17. O-O Qh4 18. h3 f3 19. Ne2 fxe2 20. Qxe2 Nf6
21. b3 Ne4 22. f4 Rh5 23. Rf3 Rf8 24. Rd1 Nc3 25. Qe1 Nxd1 26. Qxd1 Re8 27. Qd4 b6 28. Kh2 Rf5 29. Rg3 Qf6 30. Qd3 a5
31. b4 axb4 32. axb4 Ra8 33. Qe4 g6 34. b5 Kg7 35. Rg4=
1/2-1/2

[Event "Let's have a tango"]
[Site "SchemingMind.com"]
[Date "2009.06.19"]
[Round "-"]
[White "lemmie"]
[Black "art"]
[Result "1-0"]
[WhiteCountry "NED"]
[BlackCountry "MEX"]
[WhiteElo "1596"]
[WhiteRD "50"]
[BlackElo "1390"]
[BlackRD "111"]
[GameID "209290"]

1. d4 Nf6 2. c4 Nc6 3. Nf3 e6 4. Nc3 Bb4 5. Bd2 Bxc3 6. Bxc3 d5 7. cxd5 exd5 8. e3 O-O 9. Bb5 Ne7 10. a3 c6
11. Bd3 Bg4 12. h3 Bh5 13. Be2 Ne4 14. O-O f5 15. Ne5 Bxe2 16. Qxe2 Qe8 17. Bb4 Rf6 18. Kh2 Ng6 19. Nxg6 Qxg6 20. Rad1 Re8
21. Qf3 Qf7 22. Qe2
1-0

[Event "Let's have a tango"]
[Site "SchemingMind.com"]
[Date "2009.06.22"]
[Round "-"]
[White "lemmie"]
[Black "lumamo"]
[Result "0-1"]
[WhiteCountry "NED"]
[BlackCountry "ESP"]
[WhiteElo "1577"]
[WhiteRD "50"]
[BlackElo "1433"]
[BlackRD "137"]
[GameID "209291"]

1. d4 Nf6 2. c4 Nc6 3. Nf3 d5 4. Nc3 dxc4 5. e4 Bg4 6. d5 Ne5 7. Be2 Bxf3 8. Bxf3 Nd3+ 9. Kf1 Qd6 10. Nb5 Qb6
11. Nxc7+ Qxc7 12. b3 Qc5 13. Be3 Qc7 14. bxc4 Nb2 15. Qb3 Nxc4 16. Rc1 Nxe3+ 17. fxe3 Qxc1+ 18. Bd1 O-O-O 19. Kf2 Nxe4+ 20. Ke2 Qd2+
21. Kf3 Nf2 22. Rf1 Nxd1 23. Rxd1 Qa5 24. Rb1 Qxd5+ 25. Kf2 Qxb3 26. axb3 e5
0-1

[Event "Let's have a tango"]
[Site "SchemingMind.com"]
[Date "2009.06.22"]
[Round "-"]
[White "sansubari"]
[Black "lemmie"]
[Result "1-0"]
[WhiteCountry "MAS"]
[BlackCountry "NED"]
[WhiteElo "1497"]
[WhiteRD "70"]
[BlackElo "1577"]
[BlackRD "50"]
[GameID "209292"]

1. d4 Nf6 2. c4 Nc6 3. Bf4 d6 4. d5 e5 5. Bg5 Be7 6. e3 h6 7. Bh4 Nb8 8. Nd2 Bd7 9. Bd3 c6 10. Qb3 b6
11. Ne4 Nxe4 12. Bxe7 Qxe7 13. Bxe4 O-O 14. Nf3 f5 15. Bc2 cxd5 16. cxd5 Na6 17. Rd1 Nc5 18. Qc4 e4 19. Nd4 a6 20. Nc6 Qe8
21. Nd4 Qg6 22. g3 Rac8 23. Qe2 Kh8 24. b4 Nb7 25. Qxa6 Nd8 26. Qxb6 Nf7 27. Nc6 Bxc6 28. dxc6 Ne5 29. c7 Nf3+ 30. Kf1 Rf6
31. b5 d5 32. Qb8 Rff8 33. Qb7 Qf7 34. b6 Qd7 35. a4 Qd6 36. a5 Qc5 37. Bb3 Qb5+ 38. Kg2 Qxb3 39. Rxd5 Qa2 40. Rhd1 Nxh2
41. Rd8 Ng4 42. R1d2 Qxa5 43. Qxc8 Rxd8 44. cxd8=Q+ Kh7 45. Qe6
1-0

[Event "Let's have a tango"]
[Site "SchemingMind.com"]
[Date "2009.06.22"]
[Round "-"]
[White "Mitchell-in"]
[Black "lemmie"]
[Result "1-0"]
[WhiteCountry "ENG"]
[BlackCountry "NED"]
[WhiteElo "1749"]
[WhiteRD "61"]
[BlackElo "1673"]
[BlackRD "53"]
[GameID "209293"]

1. d4 Nf6 2. c4 Nc6 3. Nf3 d6 4. Nc3 e6 5. e4 b6 6. Qa4 Bd7 7. Qc2 Nb4 8. Qd1 Be7 9. a3 Nc6 10. Bd3 d5
11. cxd5 exd5 12. e5 Ng4 13. h3 Nh6 14. Nxd5 f6 15. Bxh6 gxh6 16. Qc1 fxe5 17. Qxh6 Nxd4 18. Qh5+ Kf8 19. Nxe5 Be8= 20. Qh6+ Kg8
21. Nf6+ Bxf6 22. Bc4+ Bf7 23. Bxf7#
1-0

[Event "Let's have a tango"]
[Site "SchemingMind.com"]
[Date "2009.06.22"]
[Round "-"]
[White "andu"]
[Black "lemmie"]
[Result "1-0"]
[WhiteCountry "AUT"]
[BlackCountry "NED"]
[WhiteElo "1669"]
[WhiteRD "64"]
[BlackElo "1673"]
[BlackRD "53"]
[GameID "209294"]

1. d4 Nf6 2. c4 Nc6 3. Nf3 d5 4. e3 e6 5. Nc3 Bb4 6. Bd3 O-O 7. O-O Bd7 8. Bd2 a6 9. cxd5 Nxd5 10. e4 Nxc3
11. bxc3 Be7 12. Rb1 Bc8 13. Qc2 g6 14. Bf4 f6 15. Rfd1 Bd7 16. Rxb7 e5 17. Bh6 Re8 18. Qb3+ Kh8 19. Qf7 Rg8 20. dxe5 Be8
21. Qe6 Bd7 22. Qd5 fxe5 23. Nxe5 Nxe5 24. Qxe5+ Bf6 25. Qc5 Ba4 26. Bc2 Qe8 27. Qxc7 Bxc2 28. Qxh7#
1-0

[Event "Let's have a tango"]
[Site "SchemingMind.com"]
[Date "2009.06.22"]
[Round "-"]
[White "art"]
[Black "lemmie"]
[Result "0-1"]
[WhiteCountry "MEX"]
[BlackCountry "NED"]
[WhiteElo "1390"]
[WhiteRD "111"]
[BlackElo "1596"]
[BlackRD "50"]
[GameID "209295"]

1. d4 Nf6 2. c4 Nc6 3. Nc3 d5 4. cxd5 Nxd5 5. e4 Nxc3 6. bxc3 e6 7. Nf3 Be7 8. Bb5 Bd7 9. O-O a6 10. Ba4 b5
11. Bc2 h6 12. d5 exd5 13. exd5 Na5 14. Ne5 O-O 15. Qd3 g6 16. Nxg6 f5 17. Qg3 Kh7 18. Nxf8+ Qxf8 19. Qxc7 Qd8 20. Qf4 Bg5
21. Bxf5+ Kg7
0-1